| 000 | 00513cam a22001337a 4500 | ||
|---|---|---|---|
| 008 | 180718b1956 xxu||||| |||| 00| 0 eng d | ||
| 082 | _aL231208 Am35p | ||
| 245 |
_a152 problems in real estate appraisal with suggested solutions _cby American Institute of Real Estate Appraisers |
||
| 250 | _a2nd ed. | ||
| 260 |
_aChicago _bAmerican Institute of Real Estate Appraisers _c1956 |
||
| 300 | _a141p. | ||
| 650 | _aReal property - Valuation - Study and teaching | ||
| 700 | _aAmerican Institute of Real Estate Appraisers | ||
| 999 |
_c357425 _d357425 |
||